[Event "Niteroi op 2nd"]
[Site "Niteroi"]
[Date "2022.09.02"]
[Round "2"]
[White "Morais, Wagner Soares"]
[Black "Tomiello, Lucas Costamilan"]
[Result "0-1"]
[WhiteElo "1845"]
[BlackElo "2147"]
[PlyCount "68"]
[EventDate "2022.09.01"]
[EventType "swiss"]
[EventRounds "9"]
[EventCountry "BRA"]
[SourceTitle "CBM 210 Extra"]
[Source "ChessBase"]
[SourceDate "2022.11.30"]
[SourceVersion "1"]
[SourceVersionDate "2022.11.30"]
[SourceQuality "1"]

1. d4 Nf6 2. Bf4 d5 3. e3 c5 4. c3 Nc6 5. Bd3 e6 6. Nd2 Bd6 7. Bxd6 Qxd6 8. f4 Bd7 9. a3 0-0 10. Ngf3 b5 11. 0-0 cxd4 12. cxd4 Na5 13. Qe2 Nc4 14. Rab1 Rfc8 15. Ne5 Be8 16. g4 Nd7 17. g5 Ndxe5 18. fxe5 Qe7 19. Rf6 Rab8 20. Nf1 b4 21. axb4 Rxb4 22. b3 Na5 23. Nd2 Rc3 24. h4 Qc7 25. Rbf1 Rc1 26. Rh6 gxh6 27. Qh5 Rxf1+ 28. Nxf1 hxg5 29. Qxg5+ Kf8 30. Qf6 Bb5 31. Bxb5 Rxb5 32. Kf2 Rxb3 33. Ng3 Ke8 34. Nh5 Qc2+ 0-1

[Event "Rio de Janeiro Estadual-ch"]
[Site "Rio de Janeiro"]
[Date "2021.11.15"]
[Round "6"]
[White "Santos, Rafael Ventura Dos"]
[Black "Morais, Wagner Soares"]
[Result "1-0"]
[WhiteElo "2203"]
[BlackElo "1834"]
[PlyCount "133"]
[EventDate "2021.11.13"]
[EventType "swiss"]
[EventRounds "6"]
[EventCountry "BRA"]
[SourceTitle "CBM 205 Extra"]
[Source "ChessBase"]
[SourceDate "2022.01.31"]
[SourceVersion "1"]
[SourceVersionDate "2022.01.31"]
[SourceQuality "1"]

1. e4 c5 2. c4 g6 3. Ne2 Bg7 4. d4 cxd4 5. Nxd4 Nc6 6. Be3 Nf6 7. Nc3 0-0 8. f3 e6 9. c5 Nxd4 10. Bxd4 Ne8 11. Bxg7 Kxg7 12. Qd4+ f6 13. Rd1 Qa5 14. Bb5 Nc7 15. Bxd7 Rd8 16. Qa4 Qxc5 17. Ke2 Nd5 18. exd5 Bxd7 19. Qd4 Qxd4 20. Rxd4 exd5 21. Rhd1 Bc6 22. Nxd5 Re8+ 23. Kf2 Rac8 24. Ne3 Re5 25. R1d2 Rce8 26. Nc4 R5e7 27. Nd6 Rf8 28. b4 a6 29. a3 f5 30. f4 Rf6 31. Nc4 Rfe6 32. Ne5 Bb5 33. Rc2 g5 34. g3 gxf4 35. gxf4 Rh6 36. Kg3 Be8 37. Rc8 Kf8 38. Rd7 Rhe6 39. Rxe7 Rxe7 40. a4 Kg7 41. a5 Bb5 42. Kh4 h6 43. Kg3 Kf6 44. Kf2 Ba4 45. Rf8+ Ke6 46. Nf3 Rd7 47. Ke3 Re7 48. Nd4+ Kd5+ 49. Kd3 Bd7 50. Nxf5 Bb5+ 51. Kc3 Re2 52. Rd8+ Ke6 53. Nd4+ Ke7 54. Nxe2 Kxd8 55. Ng3 Bd7 56. Kd4 Ke8 57. Ke5 Kf7 58. Nf5 Kg6 59. Nd6 Bc6 60. f5+ Kg7 61. Ke6 Kf8 62. f6 Bf3 63. f7 Bd1 64. Kf6 Bh5 65. h4 Bf3 66. Nc4 Bd5 67. Ne5 1-0

[Event "Rio de Janeiro Cortinhas Memorial 3rd"]
[Site "Rio de Janeiro"]
[Date "2019.04.27"]
[Round "2"]
[White "Morais, Wagner Soares"]
[Black "Manzi, Luiz Antonio Bardao"]
[Result "1/2-1/2"]
[WhiteElo "1843"]
[BlackElo "2066"]
[PlyCount "103"]
[EventDate "2019.04.27"]
[EventType "swiss"]
[EventRounds "6"]
[EventCountry "BRA"]
[SourceTitle "CBM 190 Extra"]
[Source "ChessBase"]
[SourceDate "2019.07.15"]
[SourceVersion "1"]
[SourceVersionDate "2019.07.15"]
[SourceQuality "1"]

1. d4 Nf6 2. e3 g6 3. c4 Bg7 4. Nc3 d6 5. f3 0-0 6. e4 e5 7. d5 a5 8. Be3 Na6 9. Nge2 Ne8 10. Nc1 f5 11. Nd3 Nf6 12. Qd2 b6 13. 0-0-0 Nc5 14. Nxc5 bxc5 15. Bd3 Ba6 16. a4 f4 17. Bf2 Qb8 18. Nb5 Bc8 19. Qc2 Bd7 20. Be1 Rf7 21. Bc3 Nh5 22. Qd2 Qb6 23. Kc2 Bf8 24. Be2 Ng7 25. Ra1 c6 26. dxc6 Bxc6 27. Rhd1 Ne6 28. Ra3 Nd4+ 29. Bxd4 cxd4 30. Rb3 Rb8 31. Rc1 Kg7 32. Kb1 Rfb7 33. Rd1 Be8 34. Qc2 Qc5 35. Qd2 Ra8 36. Nxd4 Re7 37. Nb5 Qf2 38. Bf1 Qg1 39. h3 Rb7 40. Bd3 Qc5 41. Bf1 Bf7 42. Rc1 Kg8 43. Qc2 Rab8 44. Qd2 Ra8 45. Qc2 g5 46. Rc3 Rab8 47. Rb3 Qg1 48. Qd3 Qc5 49. Qc3 Ra8 50. Qc2 Be8 51. Qd2 Bf7 52. Qc3 1/2-1/2

[Event "Rio de Janeiro Estadual-ch"]
[Site "Rio de Janeiro"]
[Date "2018.09.23"]
[Round "4"]
[White "Morais, Wagner Soares"]
[Black "Gomes, Pedro Pessoa"]
[Result "1-0"]
[WhiteElo "1839"]
[BlackElo "1571"]
[PlyCount "81"]
[EventDate "2018.09.22"]
[EventType "swiss"]
[EventRounds "6"]
[EventCountry "BRA"]
[SourceTitle "EXT 2020"]
[Source "ChessBase"]
[SourceDate "2019.10.17"]
[SourceVersion "1"]
[SourceVersionDate "2019.10.17"]
[SourceQuality "1"]

1. d4 Nf6 2. c4 g6 3. f3 Bg7 4. e4 d6 5. Nc3 0-0 6. Be3 c5 7. Nge2 cxd4 8. Nxd4 Nc6 9. Be2 Bd7 10. 0-0 Nxd4 11. Bxd4 Bc6 12. Qd2 Nd7 13. Be3 b6 14. Rfd1 Rc8 15. Rac1 Bb7 16. b3 Nc5 17. Bg5 Ne6 18. Be3 Qd7 19. Nb5 Bc6 20. Nc3 Rfd8 21. Nd5 Qb7 22. Bf1 Kf8 23. Qf2 Bxd5 24. cxd5 Nc5 25. Bb5 Rc7 26. Bc6 Qa6 27. Qd2 Qa3 28. Rc2 Rdc8 29. Rdc1 e6 30. Bb5 exd5 31. exd5 a6 32. Bf1 a5 33. Bb5 Re7 34. Rd1 Rd8 35. Bg5 f6 36. Be3 Kf7 37. Bc6 Rb8 38. Qf2 h6 39. Bc1 Qb4 40. Rc4 Nd3 41. Qf1 1-0

[Event "Juiz de Fora Summer op"]
[Site "Juiz de Fora"]
[Date "2015.08.23"]
[Round "5"]
[White "Morais, Wagner Soares"]
[Black "Mendes, Rodrigo Machado"]
[Result "1-0"]
[WhiteElo "1831"]
[BlackElo "1928"]
[PlyCount "71"]
[EventDate "2015.08.21"]
[EventType "swiss"]
[EventRounds "6"]
[EventCountry "BRA"]
[SourceTitle "EXT 2016"]
[Source "ChessBase"]
[SourceDate "2015.10.08"]
[SourceVersion "1"]
[SourceVersionDate "2015.10.08"]
[SourceQuality "1"]

1. c4 e5 2. g3 Bc5 3. Bg2 Nf6 4. e3 Nc6 5. Nc3 0-0 6. Nge2 a6 7. 0-0 Ba7 8. a3 Ne7 9. d4 Ng6 10. b4 exd4 11. exd4 Rb8 12. Nf4 d6 13. c5 Bg4 14. Qb3 Kh8 15. h3 Bd7 16. Be3 Be8 17. Rfe1 c6 18. cxd6 Ra8 19. d5 Bxe3 20. Nxg6+ fxg6 21. Rxe3 Qxd6 22. dxc6 Bxc6 23. Re6 Qd4 24. Rd1 Qa7 25. Bxc6 bxc6 26. Rd2 c5 27. Rde2 cxb4 28. Qxb4 a5 29. Qb6 Qd7 30. Qd6 Qb7 31. Ne4 Qb1+ 32. Kg2 Rfd8 33. Nxf6 gxf6 34. Qe7 f5 35. Qf6+ Kg8 36. Re7 1-0

[Event "Rio de Janeiro Borensztajn op 3rd"]
[Site "Rio de Janeiro"]
[Date "2015.06.27"]
[Round "5"]
[White "Zacarias, Rodrigo Medeiros"]
[Black "Morais, Wagner Soares"]
[Result "1-0"]
[WhiteElo "2107"]
[BlackElo "1810"]
[PlyCount "81"]
[EventDate "2015.06.25"]
[EventType "swiss"]
[EventRounds "7"]
[EventCountry "BRA"]
[SourceTitle "CBM 167 Extra"]
[Source "ChessBase"]
[SourceDate "2015.09.14"]
[SourceVersion "1"]
[SourceVersionDate "2015.09.14"]
[SourceQuality "1"]

1. e4 c5 2. Nf3 d6 3. d4 cxd4 4. Nxd4 Nf6 5. Nc3 g6 6. Be3 Bg7 7. f3 0-0 8. Qd2 Nc6 9. Bc4 Bd7 10. 0-0-0 Ne5 11. Bb3 Qa5 12. h4 Rfc8 13. Kb1 b5 14. Bg5 Rxc3 15. Qxc3 Qxc3 16. bxc3 Rc8 17. Ne2 h6 18. Be3 a5 19. a3 Nc4 20. Bxc4 Rxc4 21. Bb6 Ra4 22. Rd4 b4 23. axb4 Ne8 24. Bxa5 Bxd4 25. cxd4 Ra3 26. Kb2 Re3 27. Nc3 f5 28. d5 fxe4 29. Bb6 Rxc3 30. Kxc3 exf3 31. gxf3 Nf6 32. Kd4 Bc8 33. Re1 Kf7 34. Bd8 Ng8 35. c4 e5+ 36. dxe6+ Bxe6 37. c5 dxc5+ 38. bxc5 h5 39. Bg5 Nf6 40. Bxf6 Kxf6 41. Rxe6+ 1-0

[Event "Rio de Janeiro Region Sudeste-ch"]
[Site "Rio de Janeiro"]
[Date "2014.04.20"]
[Round "4"]
[White "Morais, Wagner Soares"]
[Black "De Barros, Jose H Fugazzola"]
[Result "1-0"]
[WhiteElo "1823"]
[BlackElo "1769"]
[PlyCount "133"]
[EventDate "2014.04.18"]
[EventType "swiss"]
[EventRounds "6"]
[EventCountry "BRA"]
[SourceTitle "CBM 160 Extra"]
[Source "ChessBase"]
[SourceDate "2014.07.01"]
[SourceVersion "1"]
[SourceVersionDate "2014.07.01"]
[SourceQuality "1"]

1. e4 e5 2. Nf3 Nc6 3. d4 exd4 4. Nxd4 Nge7 5. c4 g6 6. Be3 Bg7 7. Nc3 a6 8. a4 0-0 9. Be2 d6 10. 0-0 Ne5 11. f3 N7c6 12. Qd2 Nxd4 13. Bxd4 Be6 14. b3 f5 15. f4 Nc6 16. Bxg7 Kxg7 17. Bd3 Nd4 18. Rab1 c6 19. Qe3 c5 20. Ne2 Nxe2+ 21. Qxe2 Rb8 22. Rbd1 Qe7 23. exf5 gxf5 24. Rfe1 Rf6 25. Qb2 Qf7 26. Re3 Kg8 27. Be2 Rd8 28. Red3 Bc8 29. Bf3 b6 30. Qf2 Bb7 31. Qg3+ Kf8 32. Bxb7 Qxb7 33. Qg5 Kf7 34. Qh5+ Kf8 35. Rd5 Qf7 36. Qh4 Rd7 37. Qf2 a5 38. R1d3 Qe7 39. Re3 Qf7 40. Qd2 Qg6 41. Red3 Re6 42. h3 Qf6 43. Kh2 h6 44. Qc2 Qh4 45. Rxf5+ Rf7 46. Rxf7+ Kxf7 47. Qd2 Qf6 48. Rf3 Re4 49. Qd5+ Qe6 50. Qxe6+ Rxe6 51. g4 Rf6 52. Kg3 Re6 53. Kf2 Re7 54. Re3 Rd7 55. Rd3 Ke6 56. Kf3 Re7 57. Re3+ Kf6 58. Rxe7 Kxe7 59. Ke4 Ke6 60. f5+ Kf6 61. h4 Ke7 62. g5 hxg5 63. hxg5 Kf7 64. Kd5 Ke7 65. f6+ Kf7 66. Kxd6 Kg6 67. Ke7 1-0